| 000 | 00743nam a22002297a 4500 | ||
|---|---|---|---|
| 999 |
_c657 _d657 |
||
| 003 | AR-CdUCM | ||
| 008 | 190225b ||||| |||| 00| 0 spa d | ||
| 040 |
_aMUNICIPALIDAD PROVINCIAL DEL CUSCO _cBIBLIOTECA MUNICIPAL DEL CUSCO |
||
| 082 |
_a895.1 / _bD93 |
||
| 100 |
_aDun, Mao _92545 |
||
| 245 | _aMedianoche / | ||
| 260 |
_aBeijing : _bEdiciones en Lenguas Extranjeras, _c1982. |
||
| 300 |
_a542 páginas ; _bilustraciones, _c21 cm. |
||
| 650 |
_aCiudad de Shanghai _92546 |
||
| 650 |
_aLiteratura moderna china _92547 |
||
| 650 |
_aClases sociales _92411 |
||
| 650 |
_aHistoria de China _92548 |
||
| 700 |
_aLauer, Mirko (traductor) _92549 |
||
| 700 |
_aQianyu, Ye (ilustraciones) _92550 |
||
| 942 |
_2ddc _cLIBROS |
||
| 945 |
_araen _d2019-02-25 |
||